Central Library OPAC University of Rajshahi

Middle Eastern cities : (Record no. 26541)

MARC details
000 -LEADER
fixed length control field 01053cam a2200265 a 4500
001 - CONTROL NUMBER
control field 26541
003 - CONTROL NUMBER IDENTIFIER
rucl marc code BD-RjUL
005 - DATE AND TIME OF LATEST TRANSACTION
control field 20211209051030.0
008 - FIXED-LENGTH DATA ELEMENTS--GENERAL INFORMATION
fixed length control field 140322s1969 cau b 101 0 eng d
035 ## - SYSTEM CONTROL NUMBER
System control number (BD-RjUL)26611
040 ## - CATALOGING SOURCE
Original cataloging agency DLC
Transcribing agency DLC
Modifying agency BD-RjUL
Language of cataloging eng
041 ## - LANGUAGE CODE
Language code of text/sound track or separate title eng
082 00 - DEWEY DECIMAL CLASSIFICATION NUMBER
Classification number 711.40956
Author mark and year MID 1969
245 00 - TITLE STATEMENT
Title Middle Eastern cities :
Remainder of title a symposium on ancient, Islamic, and contemporary Middle Eastern urbanism /
Statement of responsibility, etc. edited by Ira M. Lapidus
260 ## - PUBLICATION, DISTRIBUTION, ETC. (IMPRINT)
Place of publication, distribution, etc. Berkeley :
Name of publisher, distributor, etc. University of California Press,
Date of publication, distribution, etc. c1969.
300 ## - PHYSICAL DESCRIPTION
Pagination xi, 206 p. :
Illustrations map ;
Size 24 cm
500 ## - GENERAL NOTE
General note Organized by the Committee for Middle Eastern Studies of the University of California at Berkeley and held on Oct. 27-29, 1966.
504 ## - BIBLIOGRAPHY, ETC. NOTE
Bibliography, etc Includes bibliographical footnotes and index.
650 #0 - SUBJECT ADDED ENTRY--TOPICAL TERM
Topical term or geographic name as entry element Cities and towns
Geographic subdivision Middle East
General subdivision History.
9 (RLIN) 81634
700 1# - ADDED ENTRY--PERSONAL NAME
Personal name Lapidus, Ira M.
Fuller form of name (Ira Marvin)
710 2# - ADDED ENTRY--CORPORATE NAME
Corporate name or jurisdiction name as entry element University of California.
Subordinate unit Committee for Middle Eastern Studies.
9 (RLIN) 81636
942 ## - ADDED ENTRY ELEMENTS (KOHA)
Source of classification or shelving scheme Dewey Decimal Classification
Koha item type Books
Holdings
Lost status Source of classification or shelving scheme Damaged status Not for loan Collection code Permanent Location Current Location Shelving location Date acquired Source of acquisition Cost, normal purchase price Total Checkouts Full call number Date last seen Copy number Koha item type
  Dewey Decimal Classification   Added to bundle Non-fiction Central Library, University of Rajshahi Central Library, University of Rajshahi Reading Room 10/06/1975 Jonathan Wren & Co. 3.50   711.40956 MID 1969 22/03/2014 C-1 Books